• 首页
  • 本馆介绍
  • 公告通知
  • 最新文献
  • 馆藏检索
  • 电子资源
  • 读者导购
  • 参考咨询
  • 我的图书馆
  • 登录
  • 详细信息显示
  • 放入我的书架
  • 预约/预借图书
  • 作者相关作品
  • 分类相关作品
  • 丛书相关作品
  • 出版社相关作品

书目信息

  • 表格格式
  • 工作单格式
  • 卡片格式
题名:
李煜李清照词集
    
 
作者: 李煜, , 李清照, 著 ;平阳 , 俊雅 注评
分册:  
出版信息: 武汉   长江文艺出版社  2019.06
页数: 232页
开本: 22cm
丛书名: 国学经典丛书
单 册:
中图分类: I222.843.2 , I222.844.2
科图分类:
主题词: 词 (文学)--ci ( wen xue )--注释--中国--南唐 , 宋词--song ci--注释--中国--南宋
电子资源:
ISBN: 978-7-5702-0420-5
000 01413nam 2200361 450
001 CAL 0120192771392
005 20230217093113.0
010    @a978-7-5702-0420-5@b精装@dCNY33.00
100    @a20190628d2019 em y0chiy0120 ea
101 0  @achi
102    @aCN@b420000
105    @ay z 000gy
106    @ar
200 1  @a李煜李清照词集@Ali yu li qing zhao ci ji@f(南唐) 李煜, (宋) 李清照著@g平阳, 俊雅注评
210    @a武汉@c长江文艺出版社@d2019.06
215    @a232页@d22cm
225 2  @a国学经典丛书@Aguo xue jing dian cong shu@e名家注评本@h第二辑
300    @a无障碍阅读
330    @a本书是词中二李的词集汇编。全书收录了李煜、李清照所有的词, 并辅以精当的注释和评析, 是古典诗词中两个重要的代表人物的代表作。该版本博采众长, 将二李的词按主题编年, 便年作者在阅读其词时, 了解人物的生平时代。
410  0 @12001 @a国学经典丛书 (名家注评本)@h第二辑
600  0 @a李煜,@Ali yu@f937-978@x词 (文学)@x注释
600  0 @a李清照,@Ali qing zhao@f1084-约1151@x宋词@x注释
606 0  @a词 (文学)@Aci ( wen xue )@x注释@y中国@z南唐
606 0  @a宋词@Asong ci@x注释@y中国@z南宋
690    @aI222.843.2@v5
690    @aI222.844.2@v5
701  0 @a李煜,@Ali yu@f南唐代@4著
701  0 @a李清照,@Ali qing zhao@f宋代@4著
702  0 @a平阳@Aping yang@4注评
702  0 @a俊雅@Ajun ya@4注评
801  0 @aCN@bBJXHZP@c20230228
905    @b1406708-11@dI222.843.2@e895@f4
998    @bbm001b-2020.05.11 16:34:33
    
    李煜李清照词集/(南唐) 李煜, (宋) 李清照著/平阳, 俊雅注评.-武汉:长江文艺出版社,2019.06
    232页;22cm.-(国学经典丛书:名家注评本.第二辑)
    无障碍阅读
    
    ISBN 978-7-5702-0420-5(精装):CNY33.00
    本书是词中二李的词集汇编。全书收录了李煜、李清照所有的词, 并辅以精当的注释和评析, 是古典诗词中两个重要的代表人物的代表作。该版本博采众长, 将二李的词按主题编年, 便年作者在阅读其词时, 了解人物的生平时代。
●
相关链接 在E读中查询图书 在五车中查询图书 在当当中查询图书 在豆瓣中查询图书


正题名:李煜李清照词集     索取号:I222.843.2/895         预约/预借

序号 登录号 条形码 馆藏地/架位号 状态 备注
1 1406708   214067089   第一样本阅览室/ [索取号:I222.843.2/895] 在馆    
2 1406709   214067098   第二借阅区/ [索取号:I222.843.2/895] 在馆    
3 1406710   214067105   第二借阅区/ [索取号:I222.843.2/895] 在馆    
4 1406711   214067114   第二借阅区/ [索取号:I222.843.2/895] 在馆    
唐山师范学院图书馆 欢迎您!
大连网信软件有限公司© 版权所有